Statystyki dla Tajemnice różańca

Kliknij tutaj aby rozwiązać quiz!

Ogólne statystyki

  • Ten quiz został rozwiązany 39 razy
  • Średni wynik to 3 z 20

Statystyki odpowiedzi

TajemniceOdpowiedź% Poprawnych
Część RadosnaNawiedzenie świętej Elżbiety
59%
Część RadosnaNarodzenie Pana Jezusa
45%
Część BolesnaBiczowanie Pana Jezusa
36%
Część RadosnaZwiastowanie Maryi
32%
Część ŚwietlistaPrzemienienie na Górze Tabor
27%
Część ŚwietlistaChrzest Pana Jezusa w Jordanie
23%
Część BolesnaŚmierć na krzyżu
23%
Część RadosnaOfiarowanie Jezusa w świątyni
18%
Część ŚwietlistaUstanowienie Eucharystii
14%
Część ChwalebnaZmartwychwstanie Pana Jezusa
14%
Część ŚwietlistaGłoszenie Królestwa Bożego i wzywanie do nawrócenia
9%
Część ChwalebnaWniebowstąpienie Pana Jezusa
9%
Część ChwalebnaZesłanie Ducha Świętego
9%
Część BolesnaDźwiganie krzyża przez Pana Jezusa
5%
Część BolesnaModlitwa Pana Jezusa w Ogrodzie Oliwnym
0%
Część ŚwietlistaObjawienie siebie na weselu w Kanie
0%
Część RadosnaOdnalezienie Pana Jezusa wśród uczonych w świątyni
0%
Część BolesnaUkoronowanie koroną z cierni
0%
Część ChwalebnaUkoronowanie Maryi na Królową Nieba i Ziemi
0%
Część ChwalebnaWniebowzięcie Maryi
0%

Rozkład punktacji

Percentyl według liczby udzielonych odpowiedzi

Procent ludzi z każdym wynikiem

Twoja historia wyników

Nie rozwiązałeś tego quizu